DIRECCION DE EMPRESAS DESCENTRALIZADAS LOS MEJORES EJEM- : (Registro nro. 33459)
[ vista simple ]
| 000 -LEADER | |
|---|---|
| fixed length control field | 00615nam a2200193 a 4500 |
| 001 - CONTROL NUMBER | |
| control field | 33459 |
| 005 - DATE AND TIME OF LATEST TRANSACTION | |
| control field | 20180714001359.0 |
| 008 - FIXED-LENGTH DATA ELEMENTS--GENERAL INFORMATION | |
| fixed length control field | 140415s1994 000 0 spa d |
| 020 ## - INTERNATIONAL STANDARD BOOK NUMBER | |
| International Standard Book Number | 8475836577 |
| 041 ## - LANGUAGE CODE | |
| Language code of text/sound track or separate title | spa |
| 082 ## - DEWEY DECIMAL CLASSIFICATION NUMBER | |
| Classification number | 658 |
| Item number | FIN |
| 100 1# - MAIN ENTRY--PERSONAL NAME | |
| Personal name | WISSEMA, J. G. |
| 245 10 - TITLE STATEMENT | |
| Title | DIRECCION DE EMPRESAS DESCENTRALIZADAS LOS MEJORES EJEM- : |
| Remainder of title | PLOS DE CENTROS DE NEGOCIO DESCENTRALIZADOS ORIENTADOS... |
| 260 ## - PUBLICATION, DISTRIBUTION, ETC. | |
| Place of publication, distribution, etc. | [s.l.] : |
| Name of publisher, distributor, etc. | FOLIO, |
| Date of publication, distribution, etc. | 1994 |
| 300 ## - PHYSICAL DESCRIPTION | |
| Extent | 279 |
| 490 ## - SERIES STATEMENT | |
| Series statement | FINANCIAL TIMES |
| Volume/sequential designation | 11 BIBLIOTECA DE EMPRESA |
| 650 14 - SUBJECT ADDED ENTRY--TOPICAL TERM | |
| Topical term or geographic name entry element | ADMINISTRACION DE EMPRESAS |
| 700 1# - ADDED ENTRY--PERSONAL NAME | |
| Personal name | VOGTLANDER, P. H. |
| Relator term | pról. |
| Withdrawn status | Lost status | Source of classification or shelving scheme | Damaged status | Not for loan | Collection code | Home library | Current library | Shelving location | Date acquired | Source of acquisition | Inventory number | Total Checkouts | Full call number | Barcode | Date last seen | Price effective from | Koha item type |
|---|---|---|---|---|---|---|---|---|---|---|---|---|---|---|---|---|---|
| Dewey Decimal Classification | General | Biblioteca Karol Wojtyla | Biblioteca Karol Wojtyla | Sala general | 03/12/2013 | Compra | 151000000000000000020802 | 658 FIN | 50987 | 05/01/2026 | 03/12/2013 | Libro |